000 00380nam a22001577a 4500
003 NUST
005 20230303112042.0
008 171002b xxu||||| |||| 00| 0 eng d
040 _cNUST
082 _a302.23
100 _aSatti,Mariam, & Abbas,Zainab
_95137
245 _aTales of Old Age Thesis documentary
260 _aIslamabad
_c2016
300 _a24p
942 _2ddc
_cTHE
999 _c331504
_d331504